Pays où Dark Horse de Katy Perry fut un hit - Statistiques

Statistiques générales
  • Ce quiz a été pris 43 fois
  • Le résultat moyen est 27 sur 37
Statistiques - réponses
Position dans les charts Pays % Correct
1 États Unis
100%
6 France
100%
18 Brésil
95%
1 Canada
95%
4 Royaume Uni
95%
1 Belgique
92%
6 Allemagne
89%
9 Espagne
89%
5 Italie
89%
37 Russie
89%
2 Suede
89%
4 Suisse
89%
91 Japon
84%
7 Mexique
84%
2 Norvège
84%
1 Pays Bas
81%
1 Pologne
81%
5 Finlande
78%
5 Australie
76%
3 Irlande
76%
3 Roumanie
76%
28 Ukraine
76%
2 Autriche
73%
2 Nouvelle Zélande
65%
5 Afrique du Sud
62%
5 Turquie
62%
8 Hongrie
59%
6 Croatie
57%
1 Bulgarie
54%
6 Danemark
54%
11 Slovaquie
49%
24 Slovenie
49%
4 Tchéquie
49%
4 Israel
38%
4 Indonésie
32%
2 Venezuela
30%
14 Liban
22%
Aucun quiz correspondant
Distribution des résultats
% des personnes avec chaque résultat
Percentile par nombre de réponses
Votre historique - résultats
Vous n’avez pas pris ce quiz